Digital Electronics And Logic Design Techniques (Record no. 165871)

MARC details
000 -LEADER
fixed length control field 00483nam a2200169Ia 4500
008 - FIXED-LENGTH DATA ELEMENTS--GENERAL INFORMATION
fixed length control field 230612s9999 xx 000 0 und d
041 ## - LANGUAGE CODE
Language code of text/sound track or separate title eng
082 ## - DEWEY DECIMAL CLASSIFICATION NUMBER
Classification number 621.381 RAO
100 ## - MAIN ENTRY--PERSONAL NAME
Personal name Gogate A.B.
245 ## - TITLE STATEMENT
Title Digital Electronics And Logic Design Techniques
260 ## - PUBLICATION, DISTRIBUTION, ETC. (IMPRINT)
Date of publication, distribution, etc. 1992
Name of publisher, distributor, etc. Nirali Prakashan
300 ## - PHYSICAL DESCRIPTION
Extent 369
365 ## - TRADE PRICE
Currency code Rs.
Price amount 75.00
700 ## - ADDED ENTRY--PERSONAL NAME
Personal name Gogate A.B.; Sutawane M.S.; Rao P.C. & Sutrawwe D.W.
906 ## - LOCAL DATA ELEMENT F, LDF (RLIN)
d B:56319-Jan-1993
c ETC
b 11.25
Holdings
Withdrawn status Lost status Damaged status Not for loan Home library Current library Date acquired Vendor Budget Code Cost, normal purchase price Bill number Full call number Barcode Date last seen Discount Cost, replacement price Bill Date Koha item type Original Barcode
Withdrawn       Cummins College of Engineering for Women Pune Cummins College of Engineering for Women Pune 21/01/1993 Unicate Publishers Distributors ETC 63.75 563 621.381 RAO CCEP-BK-1589 12/06/2023 11.25 75.00 19/01/1993 Books 001589